Movie Titles in Spanish 3 Quiz - Statistics

General Stats
  • This quiz has been taken 1,232 times
  • The average score is 7 of 15
Answer Stats
Year(s) Spanish Title English Title % Correct
1968, 2001 Planeta de los simios Planet of the Apes
77%
2000 Cómo el Grinch robó la Navidad How the Grinch Stole Christmas
76%
1991 El silencio de los corderos The Silence of the Lambs
71%
2006 Diamante de sangre Blood Diamond
68%
1985 El club del desayuno The Breakfast Club
65%
2007 Soy leyenda I Am Legend
62%
1998 Perdido en espacio Lost in Space
61%
2003 Agua abierta Open Water
54%
1959, 2008 Viaje al centro de la tierra Journey to the Center of the Earth
49%
2004 El cuaderno The Notebook
40%
2001 La momia vuelve The Mummy Returns
32%
2004 Pasado mañana The Day After Tomorrow
29%
1998 Hora punta Rush Hour
14%
1986 Arma superior Top Gun
13%
1975 Fauces Jaws
10%
No matching quizzes found
Score Distribution
Percent of People with Each Score
Percentile by Number Answered
Your Score History
You have not taken this quiz